000 00315nam a22001337a 4500
008 180911b xxu||||| |||| 00| 0 eng d
020 _a9780470647738
041 _aeng
080 _a616.8
100 _a7
101 _aTRU
245 _aThe Scientific American Healthy Aging Brain
_cHorstman, J
942 _2udc
_cBK
999 _c47687
_d47687